[Event "ICS rated blitz match"]
[Site "204.178.125.65"]
[Date "2001.01.26"]
[Round "?"]
[White "Hossa"]
[Black "ChesterX"]
[Result "1/2-1/2"]
[WhiteElo "2547"]
[BlackElo "2535"]
[PlyCount "153"]
[EventDate "2001.??.??"]

1. d4 Nf6 2. c4 g6 3. Nc3 d5 4. cxd5 Nxd5 5. e4 Nxc3 6. bxc3 Bg7 7. Bb5+ c6 8.
Ba4 O-O 9. Nf3 Be6 10. Bb3 Bg4 11. O-O c5 12. Bd5 Qc7 13. Rb1 Nc6 14. dxc5 e6
15. Bxc6 Qxc6 16. Qd3 f5 17. Nd4 fxe4 18. Qg3 Bxd4 19. cxd4 Be2 20. Re1 Bd3 21.
Rb2 Qd5 22. Bf4 Qxd4 23. Rxb7 Qd5 24. Rc7 Rfc8 25. Bh6 e5 26. Rg7+ Kh8 27. Qg5
e3 28. fxe3 Qe6 29. Re7 Qf5 30. Rxe5 Qxg5 31. Bxg5 Bc4 32. a3 Rc6 33. Be7 Rb8
34. Bd6 Rb7 35. Re8+ Kg7 36. Rc1 Be2 37. Kf2 Bd3 38. Rc3 Rb2+ 39. Kg3 Ba6 40.
Re7+ Kh6 41. h4 Bb7 42. e4 Bc8 43. Bf4+ g5 44. Bxg5+ Kg6 45. Rxa7 Bb7 46. Ra4
Re6 47. Kf3 Bc6 48. Rd4 h6 49. Bd8 Rb1 50. Kf4 Kh7 51. Bc7 Re1 52. Rcc4 Rf6+
53. Ke5 Rf7 54. Bd8 Ra1 55. Rd6 Bb5 56. Rc3 Rf8 57. Be7 Re8 58. Ke6 Be2 59. Rd8
Bg4+ 60. Kf7 Bh5+ 61. Kf6 Rf1+ 62. Ke6 Bg4+ 63. Kd6 Rd1+ 64. Kc6 Rdxd8 65. Bxd8
Rxd8 66. Kb6 Rd2 67. c6 Rxg2 68. c7 Bc8 69. Rf3 Rb2+ 70. Kc6 Rc2+ 71. Kd6 Rd2+
72. Ke5 Rc2 73. Kd6 Rd2+ 74. Ke5 Rc2 75. Kd6 Rd2+ 76. Ke5 Rc2 77. Kd6 {
Game drawn by repetition} 1/2-1/2

[Event "ICS rated standard match"]
[Site "204.178.125.65"]
[Date "2001.01.26"]
[Round "?"]
[White "Hossa"]
[Black "Valg"]
[Result "0-1"]
[WhiteElo "2343"]
[BlackElo "2553"]
[PlyCount "100"]
[EventDate "2001.??.??"]

1. d4 Nf6 2. Bg5 Ne4 3. Bf4 c5 4. f3 Qa5+ 5. Nd2 Nxd2 6. Bxd2 Qc7 7. dxc5 e6 8.
b4 d6 9. cxd6 Bxd6 10. e4 a5 11. b5 Bxh2 12. Ne2 Bg3+ 13. Nxg3 Qxg3+ 14. Ke2
O-O 15. Rc1 Nd7 16. Qe1 Qe5 17. Qh4 h6 18. Kf2 f5 19. exf5 Nc5 20. Kg1 Qd6 21.
Bc3 exf5 22. Re1 Ne4 23. fxe4 Qc5+ 24. Qf2 Qxc3 25. Rh3 Qf6 26. e5 Qf7 27. Qf4
Be6 28. c4 Rac8 29. Rc1 Qe7 30. Rc2 Rfd8 31. Rd3 Rxd3 32. Bxd3 g5 33. Qf3 Qc5+
34. Kh1 Qd4 35. Rc1 g4 36. Qe2 Rc5 37. Qd2 Kg7 38. Rd1 g3 39. Re1 Qh4+ 40. Kg1
f4 41. Re3 Qh2+ 42. Kf1 Rxe5 43. Qb2 Qh1+ 44. Ke2 Qxg2+ 45. Kd1 Qxb2 46. Rxe5
Bg4+ 47. Be2 g2 48. Re7+ Kf8 49. Re8+ Kxe8 50. Bxg4 g1=Q# {Hossa checkmated}
0-1

[Event "ICS rated blitz match"]
[Site "204.178.125.65"]
[Date "2001.01.26"]
[Round "?"]
[White "QueenMaxima"]
[Black "Hossa"]
[Result "1-0"]
[WhiteElo "2473"]
[BlackElo "2546"]
[PlyCount "169"]
[EventDate "2001.??.??"]

1. d4 Nf6 2. Bg5 Ne4 3. h4 c5 4. d5 Nxg5 5. hxg5 Qb6 6. Qc1 e5 7. Nf3 d6 8. e3
Be7 9. Bd3 g6 10. Nbd2 Qd8 11. Bb5+ Nd7 12. Nc4 a6 13. Bxd7+ Bxd7 14. Qd2 Bg4
15. Nh2 Bf5 16. f4 b5 17. Na5 exf4 18. exf4 Bd7 19. O-O-O Rc8 20. Nf3 b4 21.
Nc4 Bb5 22. Qd3 Rb8 23. Rde1 a5 24. Re3 a4 25. Nfd2 b3 26. cxb3 axb3 27. Nxb3
Bxc4 28. Qxc4 Ra8 29. Kb1 Qb6 30. Qc3 Rf8 31. Nxc5 Ra7 32. Na4 Qa6 33. Re4 h6
34. Rhe1 Kd8 35. gxh6 Rc7 36. Qd4 f5 37. Re6 Rf7 38. Rxg6 Qa5 39. Nc3 Ra7 40.
Rg8+ Kd7 41. Rg7 Rxg7 42. Qxg7 Qd8 43. Rxe7+ Qxe7 44. g4 fxg4 45. Qxg4+ Ke8 46.
Qc8+ Kf7 47. Qf5+ Kg8 48. Ne4 Ra4 49. Nf6+ Kf7 50. Nh5+ Kg8 51. Qe6+ Kf8 52.
Nf6 Qxe6 53. dxe6 Rd4 54. Kc2 Rc4+ 55. Kd3 Rc1 56. h7 Rh1 57. f5 Ke7 58. Nd5+
Ke8 59. f6 Rxh7 60. f7+ Kf8 61. e7+ Kxf7 62. e8=Q+ Kxe8 63. Nf6+ Kd8 64. Nxh7
Kc7 65. Kd4 Kd8 66. Ng5 Kc7 67. Kd5 Kb6 68. Ne4 Kb5 69. Nxd6+ Kb4 70. Ne4 Kb5
71. Nc3+ Kb6 72. b4 Kb7 73. a4 Kc7 74. a5 Kd7 75. a6 Kc7 76. Ke6 Kb6 77. b5 Ka5
78. a7 Kb6 79. a8=Q Kc5 80. Qc6+ Kb4 81. Nd5+ Kb3 82. Qc3+ Ka2 83. Nb4+ Kb1 84.
Qb3+ Kc1 85. Qc2# {Hossa checkmated} 1-0

[Event "ICS rated standard match"]
[Site "204.178.125.65"]
[Date "2001.01.26"]
[Round "?"]
[White "monsoon"]
[Black "Hossa"]
[Result "1-0"]
[WhiteElo "2219"]
[BlackElo "2336"]
[PlyCount "139"]
[EventDate "2001.??.??"]

1. e4 e6 2. b3 d5 3. Bb2 dxe4 4. Nc3 Nf6 5. g4 Qd4 6. g5 Nd5 7. Qg4 Nb4 8.
O-O-O Qxf2 9. Qxe4 a5 10. Bc4 a4 11. Bb5+ Nd7 12. Bxa4 c6 13. Nh3 Qa7 14. a3
Na6 15. b4 c5 16. Nd5 Kd8 17. Ndf4 cxb4 18. axb4 Nxb4 19. Bb3 Nc5 20. Qxb4 Nd3+
21. Nxd3 Bxb4 22. Nxb4 e5 23. Nd3 Bxh3 24. Nxe5 Kc7 25. Nxf7 Rhf8 26. Bxg7 Qa3+
27. Bb2 Qc5 28. Ne5 Qf2 29. Rhe1 Qg2 30. Nf7 Kd7 31. Be5 Bf5 32. d3 Bg6 33. Rd2
Qc6 34. Nd6 Bh5 35. h4 Bg4 36. Ne4 Kc8 37. Nf6 Bf3 38. Bb2 h6 39. g6 Qc7 40.
Ne4 Qa5 41. g7 Rd8 42. g8=Q Rxg8 43. Bxg8 Kc7 44. Nf6 Qc5 45. d4 Qf5 46. d5 Kb6
47. Rd4 Rc8 48. Bh7 Qh3 49. Rd3 Rc4 50. Rb3+ Ka7 51. Ra3+ Kb6 52. Bd3 Rxh4 53.
Re6+ Qxe6 54. dxe6 Rh1+ 55. Kd2 Rh2+ 56. Ke1 Rh1+ 57. Bf1 Bg2 58. Bd4+ Kc7 59.
Be5+ Kb6 60. Nd7+ Kc6 61. Rc3+ Kd5 62. e7 Bxf1 63. Rc5+ Ke4 64. Kf2 b6 65. e8=Q
bxc5 66. Bc3+ Kf5 67. Qe5+ Kg6 68. Qf6+ Kh5 69. Qf5+ Kh4 70. Bf6# {
Hossa checkmated} 1-0

[Event "ICS rated blitz match"]
[Site "204.178.125.65"]
[Date "2001.01.26"]
[Round "?"]
[White "Hossa"]
[Black "QuarkX"]
[Result "1-0"]
[WhiteElo "2527"]
[BlackElo "2420"]
[PlyCount "91"]
[EventDate "2001.??.??"]

1. d4 Nf6 2. Bg5 Ne4 3. h4 d5 4. Nd2 Bf5 5. Nxe4 Bxe4 6. Bf4 Nc6 7. f3 Bf5 8.
g4 Bd7 9. e4 e6 10. exd5 exd5 11. Qe2+ Be6 12. O-O-O Bd6 13. Nh3 Qxh4 14. Bg5
Qg3 15. Rg1 Qh2 16. Qe3 h6 17. Bf6 gxf6 18. Rd2 Qxg1 19. Qxg1 O-O-O 20. Qg2 h5
21. Be2 hxg4 22. fxg4 Rh4 23. Qf1 Rdh8 24. Ng1 R8h6 25. c4 Bb4 26. Rd1 Bf8 27.
Bf3 Ne7 28. cxd5 Nxd5 29. Bxd5 Bxd5 30. Re1 Be6 31. Qb5 c6 32. Qa5 a6 33. g5
fxg5 34. Qxg5 Rxd4 35. Nf3 Rg4 36. Qe5 Bg7 37. Qa5 Rg2 38. b3 Rh3 39. Rd1 Bd5
40. Re1 Kd7 41. Qb4 b5 42. Re7+ Kc8 43. Re8+ Kc7 44. Qe7+ Kb6 45. Rb8+ Ka5 46.
Qa3# {QuarkX checkmated} 1-0

[Event "ICS rated standard match"]
[Site "204.178.125.65"]
[Date "2001.01.26"]
[Round "?"]
[White "Hossa"]
[Black "Valg"]
[Result "0-1"]
[WhiteElo "2315"]
[BlackElo "2575"]
[PlyCount "122"]
[EventDate "2001.??.??"]

1. d4 Nf6 2. c4 e6 3. Nc3 Bb4 4. Qc2 O-O 5. e4 d5 6. e5 Ne4 7. a3 Bxc3+ 8. bxc3
c5 9. Bd3 cxd4 10. cxd4 Nc6 11. Nf3 Qa5+ 12. Kf1 Nb4 13. axb4 Qxa1 14. Ke2 a5
15. b5 a4 16. Re1 a3 17. c5 Bd7 18. Kf1 Rfc8 19. h4 Be8 20. Kg1 g6 21. g4 Bd7
22. Rf1 Be8 23. Re1 Bd7 24. Rf1 Kh8 25. Kh1 Be8 26. Kg1 Rcb8 27. Re1 Rc8 28. h5
Kg8 29. hxg6 fxg6 30. Kg2 Kh8 31. Rh1 Rc7 32. Kh2 Rf7 33. Bxe4 dxe4 34. Ng5 Re7
35. Qxe4 Bxb5 36. Qf3 Kg8 37. Be3 Qb2 38. Qf6 Rae8 39. Bc1 Qb3 40. Be3 a2 41.
d5 Qxd5 42. Ra1 Bc6 43. f3 Qd3 44. Bg1 Qc2+ 45. Kg3 Qb2 46. Bd4 Qxd4 47. Rxa2
Qxc5 48. Kh3 b6 49. Kh4 Bd5 50. Ne4 Qg1 51. Rc2 Bxe4 52. fxe4 Rf7 53. Re2 Rxf6
54. exf6 h5 55. gxh5 g5+ 56. Kh3 Rd8 57. f7+ Kxf7 58. Re3 Qxe3+ 59. Kg4 Rd3 60.
h6 Qg1+ 61. Kh5 Rh3# {Hossa checkmated} 0-1

[Event "ICS rated blitz match"]
[Site "204.178.125.65"]
[Date "2001.01.26"]
[Round "?"]
[White "WitPaard"]
[Black "Hossa"]
[Result "0-1"]
[WhiteElo "2356"]
[BlackElo "2538"]
[PlyCount "32"]
[EventDate "2001.??.??"]

1. e4 c6 2. d4 d5 3. f3 dxe4 4. fxe4 e5 5. Nf3 exd4 6. Bc4 b5 7. Bb3 Bc5 8. Ng5
Nh6 9. Qh5 Qe7 10. O-O d3+ 11. Kh1 dxc2 12. Nc3 Bg4 13. Qh4 f6 14. Nxh7 Rxh7
15. Bxh6 Bd7 16. Qh5+ Kd8 {WitPaard resigns} 0-1

[Event "ICS rated blitz match"]
[Site "204.178.125.65"]
[Date "2001.01.26"]
[Round "?"]
[White "Hossa"]
[Black "WitPaard"]
[Result "1-0"]
[WhiteElo "2546"]
[BlackElo "2348"]
[PlyCount "83"]
[EventDate "2001.??.??"]

1. c4 f5 2. d4 Nf6 3. d5 g6 4. Nf3 Bg7 5. e3 O-O 6. Be2 c6 7. O-O Na6 8. Nc3
Qa5 9. d6 e5 10. Qd2 e4 11. Nxe4 Qxd2 12. Nexd2 Ne8 13. Nb3 Nxd6 14. c5 Ne4 15.
Bc4+ Kh8 16. Bxa6 bxa6 17. Rd1 Rb8 18. Nfd4 a5 19. f3 a4 20. fxe4 axb3 21. exf5
bxa2 22. Rxa2 gxf5 23. Rxa7 Rb4 24. g3 Rc4 25. b3 Rc3 26. b4 Be5 27. Nf3 Bg7
28. Bd2 Rd3 29. Kf2 d5 30. Rb1 f4 31. gxf4 Bg4 32. Rg1 Bxf3 33. Rgxg7 Be4 34.
Ke2 Rb3 35. Rac7 Re8 36. h4 Bd3+ 37. Kf3 Be4+ 38. Kf2 Rb2 39. Ke1 Rb1+ 40. Ke2
Rh1 41. Bc3 Rh2+ 42. Rg2+ {WitPaard resigns} 1-0

[Event "ICS Rated blitz match"]
[Site "204.178.125.65"]
[Date "2001.01.26"]
[Round "?"]
[White "CosmicJoke"]
[Black "Hossa"]
[Result "1-0"]
[WhiteElo "2712"]
[BlackElo "2554"]
[PlyCount "69"]
[EventDate "2001.??.??"]

1. e4 c6 2. d4 d5 3. Nd2 dxe4 4. Nxe4 Nd7 5. Bc4 Ngf6 6. Ng5 e6 7. Qe2 Nb6 8.
Bd3 Qxd4 9. N1f3 Qd5 10. Bd2 h6 11. c4 Qc5 12. b4 Qe7 13. Ne4 Bd7 14. O-O O-O-O
15. a4 Be8 16. a5 Nbd7 17. a6 b6 18. Rfd1 Nxe4 19. Bxe4 Nf6 20. Bc3 Nxe4 21.
Qxe4 Rd6 22. Rxd6 Qxd6 23. Qe2 Qe7 24. Rd1 h5 25. b5 f6 26. Nd4 Kb8 27. bxc6 e5
28. Bb4 Qxb4 29. c7+ Kc8 30. Qe4 Bc6 31. Qxc6 Qe1+ 32. Rxe1 Bc5 33. Qb7+ Kd7
34. c8=R+ Kd6 35. Qc7# {Hossa checkmated} 1-0

[Event "ICS rated blitz match"]
[Site "204.178.125.65"]
[Date "2001.01.26"]
[Round "?"]
[White "Hossa"]
[Black "ChesterX"]
[Result "1/2-1/2"]
[WhiteElo "2545"]
[BlackElo "2578"]
[PlyCount "125"]
[EventDate "2001.??.??"]

1. d4 Nf6 2. Bg5 e6 3. e4 h6 4. Bxf6 Qxf6 5. Nf3 d6 6. Nc3 Nd7 7. Bd3 Be7 8.
Qd2 c5 9. dxc5 Nxc5 10. Bb5+ Bd7 11. Bxd7+ Nxd7 12. O-O-O O-O 13. h4 Rfc8 14.
Nb5 Ne5 15. Nbd4 a5 16. Kb1 a4 17. h5 a3 18. b3 Nxf3 19. gxf3 d5 20. Rh3 Rd8
21. f4 dxe4 22. c3 Bd6 23. Qe2 Bxf4 24. Qxe4 e5 25. Rf3 Qg5 26. Re1 Bd2 27. Rf5
Bxe1 28. Rxg5 hxg5 29. Nf3 Bxc3 30. Nxg5 Bb2 31. Qh7+ Kf8 32. Qh8+ Ke7 33. Qxg7
Rd1+ 34. Kc2 Rc1+ 35. Kd2 Rf8 36. h6 Rc6 37. h7 e4 38. h8=Q Rxh8 39. Qxf7+ Kd6
40. Nxe4+ Ke5 41. Qxb7 Rhc8 42. Qe7+ Kd4 43. Nf6 Bc1+ 44. Kd1 Bh6 45. Qb4+ Kd3
46. Qe4+ Kc3 47. Qe5+ Kd3 48. Qg3+ Kd4 49. Qh4+ Kc3 50. Qxh6 Kb2 51. Qg5 Kxa2
52. b4 Kb2 53. Qd2+ Rc2 54. Qd4+ Kb1 55. Ne4 a2 56. Nd2+ Rxd2+ 57. Kxd2 Rc2+
58. Kd1 Rc1+ 59. Kd2 Rc2+ 60. Kd1 Rc1+ 61. Kd2 Rc2+ 62. Kd1 Rc1+ 63. Kd2 {
Game drawn by repetition} 1/2-1/2

[Event "ICS rated standard match"]
[Site "204.178.125.65"]
[Date "2001.01.26"]
[Round "?"]
[White "Hossa"]
[Black "Valg"]
[Result "0-1"]
[WhiteElo "2309"]
[BlackElo "2571"]
[PlyCount "112"]
[EventDate "2001.??.??"]

1. c4 Nf6 2. Nf3 g6 3. d4 Bg7 4. Nc3 O-O 5. e4 d6 6. Be2 e5 7. dxe5 dxe5 8.
Qxd8 Rxd8 9. Bg5 Re8 10. O-O c6 11. Rfd1 Nbd7 12. Ne1 Nc5 13. f3 Ne6 14. Be3 b6
15. Nc2 Bd7 16. Rd2 c5 17. Rad1 Nd4 18. Bd3 Rac8 19. Bg5 Rc6 20. Nd5 Nxd5 21.
cxd5 Rd6 22. Na3 b5 23. b3 Ra6 24. Nb1 f6 25. Be3 Rd6 26. Rc1 Rc8 27. Rb2 f5
28. Na3 a6 29. Nb1 Kf8 30. Bg5 h6 31. Bh4 Ke8 32. Be1 Kf7 33. Bg3 Bf6 34. Kh1
f4 35. Bf2 Bd8 36. Rd2 Kg8 37. Rdd1 Ba5 38. Rg1 Bb4 39. Rgf1 g5 40. h3 h5 41.
Kg1 g4 42. fxg4 hxg4 43. h4 g3 44. Bxd4 cxd4 45. Rxc8+ Bxc8 46. a3 Ba5 47. Rc1
Bg4 48. a4 bxa4 49. bxa4 Rh6 50. Rc6 Rxh4 51. Bxa6 d3 52. Rg6+ Kf7 53. Rc6 f3
54. gxf3 Bxf3 55. Rh6 Rxh6 56. Bxd3 Rh1# {Hossa checkmated} 0-1

[Event "ICS Rated blitz match"]
[Site "204.178.125.65"]
[Date "2001.01.26"]
[Round "?"]
[White "ATOS"]
[Black "Hossa"]
[Result "0-1"]
[WhiteElo "1927"]
[BlackElo "2547"]
[PlyCount "46"]
[EventDate "2001.??.??"]

1. d4 d5 2. c4 e6 3. Nc3 Nf6 4. Nf3 dxc4 5. a4 c5 6. e3 cxd4 7. exd4 Qc7 8. Ne5
Nc6 9. Nxc4 Bb4 10. Be2 Qd7 11. Be3 O-O 12. O-O Rd8 13. Qb3 Qe7 14. Rfd1 Bd7
15. Na2 Nd5 16. Nxb4 Ncxb4 17. a5 Rac8 18. Rac1 Qe8 19. Nd6 Ba4 20. Nxe8 Bxb3
21. Nd6 Bxd1 22. Nxc8 Bxe2 23. Nxa7 Ra8 {ATOS resigns} 0-1

[Event "ICS rated blitz match"]
[Site "204.178.125.65"]
[Date "2001.01.26"]
[Round "?"]
[White "donchev"]
[Black "Hossa"]
[Result "0-1"]
[WhiteElo "2434"]
[BlackElo "2548"]
[PlyCount "58"]
[EventDate "2001.??.??"]

1. e4 d5 2. exd5 Qxd5 3. Nc3 Qa5 4. d4 Nf6 5. Nf3 Bg4 6. h3 Bxf3 7. Qxf3 c6 8.
Bd2 e6 9. O-O-O Bb4 10. a3 Bxa3 11. bxa3 Qxa3+ 12. Kb1 Qb4+ 13. Ka1 O-O 14. Bd3
Qxd4 15. Qf4 Qc5 16. Ne4 Qa3+ 17. Kb1 Nd5 18. Qe5 Rd8 19. Ng5 h6 20. Nxe6 fxe6
21. Qxe6+ Kh8 22. Qg6 Nf6 23. Bxh6 Qf8 24. Bg5 Qb4+ 25. Kc1 Nbd7 26. h4 Ne5 27.
Qf5 Rd5 28. Qf4 Qa3+ 29. Kd2 Nxd3 {donchev resigns} 0-1

[Event "ICS rated blitz match"]
[Site "204.178.125.65"]
[Date "2001.01.26"]
[Round "?"]
[White "Hossa"]
[Black "Viveiros"]
[Result "1-0"]
[WhiteElo "2559"]
[BlackElo "2068"]
[PlyCount "43"]
[EventDate "2001.??.??"]

1. c4 g6 2. d4 Bg7 3. e4 d6 4. Nf3 Nf6 5. Bd3 O-O 6. Nc3 e5 7. dxe5 dxe5 8. O-O
c6 9. Nxe5 Nxe4 10. Bxe4 Bxe5 11. Be3 Qc7 12. f4 Rd8 13. Qc2 Bg7 14. f5 Qe7 15.
Rae1 Bd7 16. fxg6 hxg6 17. Bxg6 fxg6 18. Bb6 Qh4 19. Bxd8 Qxd8 20. Qxg6 Na6 21.
Rf7 Qb6+ 22. Kh1 {Viveiros resigns} 1-0

[Event "ICS rated blitz match"]
[Site "204.178.125.65"]
[Date "2001.01.26"]
[Round "?"]
[White "jumbo"]
[Black "Hossa"]
[Result "0-1"]
[WhiteElo "1987"]
[BlackElo "2561"]
[PlyCount "78"]
[EventDate "2001.??.??"]

1. d4 d5 2. Nf3 Nf6 3. Bf4 c6 4. e3 Bg4 5. Nbd2 e6 6. Bd3 Bd6 7. Qe2 Bxf4 8.
exf4 Qd6 9. Qe5 Qb4 10. O-O Nbd7 11. Qe3 Qxb2 12. Rab1 Qxa2 13. Rxb7 Rb8 14.
Rxb8+ Nxb8 15. Ne5 O-O 16. Nb3 Qa3 17. Ra1 Qe7 18. Nc5 Bh5 19. Qd2 Ng4 20. Qa5
Qf6 21. g3 a6 22. Qc7 Qd8 23. Qb7 Nxe5 24. fxe5 a5 25. Qa7 Qc8 26. Rxa5 f6 27.
f4 fxe5 28. dxe5 Rf7 29. Qb6 Nd7 30. Nxd7 Rxd7 31. Rc5 Rc7 32. Bb5 Be8 33. c4
d4 34. Kf2 d3 35. Ke3 d2 36. Kxd2 Rb7 37. Qa6 Qd7+ 38. Ke3 cxb5 39. cxb5 Ra7 {
jumbo resigns} 0-1

[Event "ICS rated standard match"]
[Site "204.178.125.65"]
[Date "2001.01.26"]
[Round "?"]
[White "Bootemout"]
[Black "Hossa"]
[Result "0-1"]
[WhiteElo "2037"]
[BlackElo "2303"]
[PlyCount "98"]
[EventDate "2001.??.??"]

1. d4 Nf6 2. Nf3 d5 3. Bf4 e6 4. e3 Bd6 5. Bxd6 cxd6 6. Nbd2 Nc6 7. c3 e5 8.
Bb5 e4 9. Ng1 O-O 10. Ne2 Na5 11. Ba4 b5 12. Bc2 Nc4 13. Nxc4 bxc4 14. h3 Rb8
15. Rb1 Ne8 16. O-O Nc7 17. Nf4 Bd7 18. Qh5 Rb6 19. f3 g6 20. Qh6 Bc6 21. h4
Ra6 22. a3 Rb6 23. h5 Qh4 24. Rf2 a5 25. Bd1 Re8 26. fxe4 Rxe4 27. Bf3 Re7 28.
Rbf1 Rb8 29. g3 Qxg3+ 30. Rg2 Qh4 31. Rg4 Qf6 32. hxg6 fxg6 33. Nxd5 Bxd5 34.
Bxd5+ Nxd5 35. Rxf6 Nxf6 36. Rg2 Ne4 37. Qh4 g5 38. Qg4 d5 39. Qf5 Rd8 40. Rh2
a4 41. Rh6 Rf7 42. Qe6 Rd6 43. Qe8+ Rf8 44. Qh5 Rd7 45. Re6 Rdf7 46. Rxe4 dxe4
47. Qg4 Rf1+ 48. Kg2 R8f2+ 49. Kg3 Rg1+ {Bootemout resigns} 0-1

[Event "ICS rated blitz match"]
[Site "204.178.125.65"]
[Date "2001.01.26"]
[Round "?"]
[White "Hossa"]
[Black "doganreyhan"]
[Result "1-0"]
[WhiteElo "2562"]
[BlackElo "2400"]
[PlyCount "77"]
[EventDate "2001.??.??"]

1. c4 Nf6 2. g3 g6 3. Bg2 Bg7 4. Nc3 O-O 5. Nf3 d6 6. d4 Nbd7 7. O-O e5 8. dxe5
dxe5 9. Qc2 Re8 10. Rd1 c6 11. Bh3 Qc7 12. Bg5 Nf8 13. Bxf6 Bxf6 14. Ne4 Be7
15. Bxc8 Raxc8 16. c5 Rcd8 17. Qc3 f6 18. Qb3+ Kg7 19. Rac1 Qc8 20. Nd6 Bxd6
21. Rxd6 Rxd6 22. cxd6 Re6 23. Rd1 Qd7 24. Qa3 a6 25. Qb4 h5 26. Ne1 Nh7 27. h4
g5 28. Nf3 g4 29. Ne1 f5 30. Ng2 Nf6 31. Ne3 Kg6 32. Nc4 Ne4 33. Qb3 b5 34. Nb6
Qd8 35. Qxe6+ Qf6 36. Qg8+ Qg7 37. Qxg7+ Kxg7 38. d7 Nf6 39. d8=Q {
doganreyhan resigns} 1-0

[Event "ICS rated blitz match"]
[Site "204.178.125.65"]
[Date "2001.01.26"]
[Round "?"]
[White "kondor"]
[Black "Hossa"]
[Result "0-1"]
[WhiteElo "2010"]
[BlackElo "2571"]
[PlyCount "42"]
[EventDate "2001.??.??"]

1. e4 d5 2. e5 c5 3. c3 Nc6 4. d4 cxd4 5. cxd4 Bf5 6. a3 f6 7. exf6 Nxf6 8. Nf3
e6 9. Be2 Bd6 10. O-O O-O 11. h3 e5 12. dxe5 Bxe5 13. Nxe5 Nxe5 14. Bf4 Ng6 15.
Bg5 Bxb1 16. Rxb1 Qd6 17. Rc1 Qe5 18. Rc5 Qxg5 19. f4 Nxf4 20. Bf3 Nxh3+ 21.
Kh2 Nf4 {kondor resigns} 0-1

[Event "ICS rated blitz match"]
[Site "204.178.125.65"]
[Date "2001.01.26"]
[Round "?"]
[White "Hossa"]
[Black "AlexMan"]
[Result "1-0"]
[WhiteElo "2572"]
[BlackElo "2265"]
[PlyCount "182"]
[EventDate "2001.??.??"]

1. c4 Nf6 2. g3 e6 3. Bg2 d5 4. Nf3 Be7 5. cxd5 exd5 6. O-O O-O 7. d4 c6 8. Qc2
Bg4 9. Ne5 Be6 10. Nc3 Nbd7 11. Nf3 Re8 12. Bf4 g6 13. Qd2 Bf5 14. a3 Bf8 15.
b3 a5 16. Nh4 Be6 17. Nf3 Bf5 18. h3 h5 19. Nh4 Be6 20. Nf3 Bf5 21. Bg5 Qb6 22.
Qb2 Ne4 23. Nxe4 Bxe4 24. Rfd1 Bd6 25. Nh4 Bxg2 26. Nxg2 a4 27. b4 Qb5 28. Ra2
Nb6 29. Bh6 Qc4 30. Rf1 Qb3 31. Qa1 Qc4 32. Re1 Re4 33. e3 Rae8 34. Qb1 Qb3 35.
Qxb3 axb3 36. Raa1 Nc4 37. Red1 Ra8 38. Rd3 b2 39. Rb1 Ree8 40. Bf4 Bf8 41. Ne1
Ra4 42. Nc2 Rea8 43. Kg2 f6 44. h4 Kf7 45. f3 f5 46. Kf2 Be7 47. Rc3 Nxa3 48.
Rxa3 Rxa3 49. Nxa3 Rxa3 50. Rxb2 b5 51. Bc7 Ke6 52. f4 Kd7 53. Ba5 Kc8 54. Bb6
Kb7 55. Ba5 Rc3 56. Ke2 Rc1 57. Kf3 Rf1+ 58. Kg2 Ra1 59. Kf3 Bd6 60. Bd8 Ra4
61. Ba5 Be7 62. Ke2 Ra1 63. Kf3 Ra4 64. Ke2 Ra3 65. Kf2 c5 66. dxc5 Bxc5 67.
Re2 Ba7 68. Bd8 Rb3 69. Be7 Kc6 70. Bf8 Kd7 71. Re1 Rb2+ 72. Re2 Rb1 73. Ra2
Bb6 74. Rd2 Ke6 75. Rc2 Kd7 76. Rd2 Kc6 77. Rc2+ Kb7 78. Rd2 d4 79. exd4 Kc6
80. Ke2 Kd5 81. Bc5 Bd8 82. Ra2 Ke4 83. Ra6 Rb2+ 84. Ke1 Kd3 85. Rxg6 Rb1+ 86.
Kf2 Rb2+ 87. Kf3 Rb1 88. Rg8 Rf1+ 89. Kg2 Rb1 90. Rxd8 Rb2+ 91. Kf3 Rb1 {
AlexMan resigns} 1-0

[Event "ICS rated bullet match"]
[Site "204.178.125.65"]
[Date "2001.01.26"]
[Round "?"]
[White "Hossa"]
[Black "pereta2002"]
[Result "1-0"]
[WhiteElo "2507"]
[BlackElo "1922"]
[PlyCount "55"]
[EventDate "2001.??.??"]

1. c4 c5 2. Nf3 Nc6 3. g3 g6 4. d3 d6 5. Bg2 Bg4 6. h3 Bd7 7. Nc3 Bg7 8. O-O
Qc8 9. h4 Nf6 10. d4 cxd4 11. Nxd4 Nxd4 12. Qxd4 Nh5 13. Qd3 O-O 14. Nd5 e6 15.
Ne7+ Kh8 16. Nxc8 Raxc8 17. Qxd6 Bc6 18. Bxc6 Rxc6 19. Qb4 Rfc8 20. Qxb7 R6c7
21. Qf3 Rb8 22. g4 Nf6 23. Bf4 Rcb7 24. g5 Nd7 25. Bxb8 Rxb8 26. Qxf7 Nc5 27.
Qxa7 Rxb2 28. Qa8+ {pereta2002 resigns} 1-0

[Event "ICS rated bullet match"]
[Site "204.178.125.65"]
[Date "2001.01.26"]
[Round "?"]
[White "pereta2002"]
[Black "Hossa"]
[Result "0-1"]
[WhiteElo "1921"]
[BlackElo "2508"]
[PlyCount "44"]
[EventDate "2001.??.??"]

1. e4 d5 2. d4 dxe4 3. c4 Nf6 4. Nc3 e6 5. Be3 Bb4 6. Nge2 O-O 7. a3 Bxc3+ 8.
bxc3 Ng4 9. Ng3 Nxe3 10. fxe3 f5 11. Be2 f4 12. Nxe4 fxe3 13. Ng3 c5 14. Qd3
cxd4 15. cxd4 e5 16. dxe5 Qa5+ 17. Kd1 Rd8 18. Qxd8+ Qxd8+ 19. Ke1 Qa5+ 20. Kf1
Qxe5 21. Rd1 Qf4+ 22. Kg1 Qf2# {pereta2002 checkmated} 0-1

[Event "ICS rated standard match"]
[Site "204.178.125.65"]
[Date "2001.01.26"]
[Round "?"]
[White "phel"]
[Black "Hossa"]
[Result "0-1"]
[WhiteElo "1943"]
[BlackElo "2309"]
[PlyCount "122"]
[EventDate "2001.??.??"]

1. d4 Nf6 2. c4 g6 3. Nf3 Bg7 4. e3 O-O 5. Nc3 d5 6. cxd5 Nxd5 7. Be2 Bf5 8.
O-O Nc6 9. Qb3 Nxc3 10. bxc3 Na5 11. Qb5 b6 12. c4 c5 13. Bd2 cxd4 14. Nxd4
Bxd4 15. exd4 Qxd4 16. Bxa5 bxa5 17. Qxa5 Rfe8 18. Rac1 Qb2 19. Bf3 Rac8 20.
Qxa7 Bd3 21. Rfe1 Rxc4 22. Rxc4 Bxc4 23. a3 e6 24. a4 Qc3 25. Rd1 Bb3 26. Rf1
Qc8 27. a5 Bd5 28. Be2 Rf8 29. a6 Qc6 30. f3 Qc2 31. Qf2 Rc8 32. h3 Ra8 33. Bb5
Qc7 34. Ra1 Qe5 35. Re1 Qb8 36. Bd3 Qd8 37. Be2 Qf6 38. Qb6 Qc3 39. Kf1 Qe5 40.
Kg1 Bc4 41. Qf2 Bxe2 42. Rxe2 Qa1+ 43. Kh2 Rxa6 44. Rd2 Ra5 45. Qh4 Kg7 46. Qf2
Rd5 47. Re2 Rd1 48. Kg3 Qa5 49. Kh2 Qc7+ 50. f4 Qd6 51. Ra2 g5 52. Qb2+ Kg6 53.
Qc2+ f5 54. Qf2 gxf4 55. Qf3 Rd3 56. Qf2 f3+ 57. g3 e5 58. Rb2 Qd4 59. Rb6+ Kg5
60. h4+ Kg4 61. Qf1 Rd2+ {phel resigns} 0-1

[Event "ICS rated blitz match"]
[Site "204.178.125.65"]
[Date "2001.01.26"]
[Round "?"]
[White "PostModernist"]
[Black "Hossa"]
[Result "1/2-1/2"]
[WhiteElo "2537"]
[BlackElo "2577"]
[PlyCount "241"]
[EventDate "2001.??.??"]

1. d4 Nf6 2. c4 g6 3. Nc3 d5 4. g3 dxc4 5. e4 Nc6 6. d5 Ne5 7. Bf4 Nfd7 8. Nf3
Bg7 9. Nxe5 Nxe5 10. Bxe5 Bxe5 11. Bxc4 O-O 12. f4 Bg7 13. Qd3 e5 14. O-O-O Bh6
15. Qd2 Qd6 16. Rdf1 Qb4 17. Bd3 Bh3 18. Re1 a5 19. Bf1 Bg4 20. Bd3 a4 21. h3
Bd7 22. h4 a3 23. h5 Bg7 24. h6 Bh8 25. f5 Bf6 26. fxg6 fxg6 27. Rh2 axb2+ 28.
Qxb2 Bg5+ 29. Kb1 Qd4 30. Rd1 Qc5 31. Nb5 Ra4 32. Rc2 Qb6 33. d6 Qa5 34. Qxe5
Rb4+ 35. Rb2 Bf6 36. Qd5+ Kh8 37. Rxb4 Qxb4+ 38. Qb3 Qa5 39. dxc7 Bxb5 40. Bxb5
Qxc7 41. a4 Qe5 42. Ka2 Qxe4 43. Rd7 Rc8 44. Rd2 Qe5 45. Rd1 Rc3 46. Qb2 Qe6+
47. Kb1 Qf5+ 48. Ka2 Qc5 49. Kb1 Qe7 50. Rc1 Qe4+ 51. Rc2 Rf3 52. Be2 Bxb2 53.
Bxf3 Qf5 54. Kxb2 Qf8 55. a5 Qb4+ 56. Kc1 Qe1+ 57. Kb2 Kg8 58. Rc8+ Kf7 59. Rc3
Qd2+ 60. Kb3 Qd7 61. Kb4 g5 62. g4 Qd6+ 63. Kb3 Qe5 64. Kb4 Qf4+ 65. Kb5 Qe5+
66. Kb4 Kg6 67. Rb3 Kxh6 68. Bxb7 Qe7+ 69. Ka4 Qd7+ 70. Ka3 Qxg4 71. a6 Qd4 72.
Rb4 Qa7 73. Ka4 Kg6 74. Ka5 Kf6 75. Rb6+ Ke5 76. Rb5+ Kf4 77. Ka4 h5 78. Bc8
Qg1 79. Ka5 Qe3 80. Ka4 Qc1 81. Rb4+ Ke3 82. Bb7 Qc5 83. Rb3+ Ke2 84. Rb2+ Kd3
85. Rb5 Qd4+ 86. Ka5 Kc3 87. Rb1 g4 88. Rc1+ Kd2 89. Rb1 h4 90. Rb4 Qg1 91.
Rb2+ Kc3 92. Rb6 Qd4 93. Rc6+ Kd2 94. Kb5 g3 95. Rc4 Qb2+ 96. Ka4 h3 97. Rg4 g2
98. Bxg2 Qc2+ 99. Ka3 Qd3+ 100. Kb4 Qd6+ 101. Kb5 Qd7+ 102. Bc6 Qf5+ 103. Kb6
Qxg4 104. a7 Qb4+ 105. Kc7 Qe7+ 106. Kb6 Qe3+ 107. Ka6 Qd3+ 108. Kb7 Qb3+ 109.
Kc8 Qe6+ 110. Kc7 Qe5+ 111. Kb6 Qd4+ 112. Kb7 Qb4+ 113. Kc7 Qe7+ 114. Kb6 Qe3+
115. Ka6 Qd3+ 116. Kb7 Qb3+ 117. Kc8 Qe6+ 118. Kc7 Qe5+ 119. Kb6 Qd4+ 120. Kb7
Qb4+ 121. Kc7 {Game drawn by repetition} 1/2-1/2